000 00317nam a2200133Ia 4500
005 20260328104307.0
008 260328s9999||||xx |||||||||||||| ||und||
100 _aBroto, Carles
245 0 _aNuevos DiseƱos de oficinas /
_cCarles Broto
260 _bLinks
300 _a294 p.
650 _aOFICINAS
942 _cBK
999 _c10814
_d10814